000 00428nam a2200181Ia 4500
001 13989
005 20260306164841.0
008 260306t2005||||xx |||||||||||||| ||spa||
041 _aESP
082 _a005.74
_bS56
100 _aSimsion, Graeme C.
_eAUT
245 0 _aData modeling essentials
260 _c2005
300 _axxvii, 532 páginas :
_c24 cm.
650 _aGEN
654 _aCCC
942 _cLIB
_dJUS
_fJUS
_2ddc
_n
999 _c13989
_d13989